Click to Translate - Inuktitut - Statistics

General Stats
  • This quiz has been taken 215 times
  • The average score is 3 of 20
Answer Stats
Hint Answer % Correct
Good morning ᐅᓪᓛᓯᐊᑦᓯᐊᕆᑦ (Ullaakkut)
41%
Father ᐊᑖᑕᒃ (Ataata)
28%
Hospital ᐋᓐᓂᐊᕐᕕᒃ (Aanniavik)
26%
Who ᑭᓇ (Kina)
25%
New ᓄᑖᖅ (Nutaaq)
20%
Ice ᓯᑯ (Siku)
20%
Milk ᐃᒻᒧᒃ (Immuk)
19%
Today ᐅᓪᓗᒥ (Ullumi)
16%
Dog ᕿᒻᒥᖅ (Qimmiq)
14%
Sun ᓯᕿᓂᖅ (Siqiniq)
13%
Here ᐅᕙᓂ (Uvani)
13%
Hello ᐊᐃ’ (Aingai)
12%
No ᐋᒃᑲ (Aagga)
11%
Red ᐊᐅᐸᖅᑐᖅ (Aupaqtuq)
11%
Two ᒪᕐᕉᒃ (Marruuk)
11%
Short ᓇᐃᑦᑐᖅ (Naittuq)
11%
Cup ᐃᕐᖑᓯᖅ (Irngusiq)
10%
Knife ᓴᕕᒃ (Savik)
10%
Mouth ᖃᓂᖅ (Qaniq)
9%
Mountain ᖃᖅᑲᖅ (Qaqqaq)
9%
No matching quizzes found
Score Distribution
Percent of People with Each Score
Percentile by Number Answered
Your Score History
You have not taken this quiz